000 00318nam a2200133 i 4500
001 bg
100 1 _aGABOR, Hadasi
245 0 _aEkonomika i doktryna maoistowskich Chin /
_cHadasi Gabor.
260 _aWarszawa,
_c1976.
040 _cBPK
041 _apol
942 _cKS
008 s pl f |000 0 pol
999 _c26922
_d26922
856 _uhttp://koha.tu.koszalin.pl/cgi-bin/koha/opac-detail.pl?biblionumber=26922
_yKatalog online BPK